00455 2200181 4500001002100000005001500021008004100036020002200077035001900099041000700118082000800125090001400133100001600147245004500163260003000208300001900238650001600257INLIS00000000001194420241224114255241224||||||||| | ||| |||| || |  a978-979-1479-47-9 0010-1224011944 aid0 a297 a297 YUS r0 aYusuf Dinar00aRAHASIA REZEKI agar SELALU MENGEJAR ANDA aDepok.bKAYSA MEDIAc2010 a128hlm;15x21cm 0aAgama Islam